000 00948nam a2200301Ia 4500
003 OSt
005 20221006154126.0
006 a|||||r|||| 00| 0
007 ta
008 221006b |||||||| |||| 00| 0 eng d
020 _a9780804731928
_c¥ 3530
024 _a34,484
037 _bGift, Japan Foundation
_cTextual
040 _aEASL
_cEASL
_beng
041 _2eng
_aeng
082 _aV42:194950j73, N9
100 _aCha Victor D.
_9666718
245 0 _aAlignment despite antagonism
_b The United States-Korea-Japan security triangle
260 _aStanford
_bStanford University Press
_c1999
300 _a374p.
_ccm.
490 _v KEL
650 _a Cooperation under the Nixon Doctrine
_9666719
650 _a Enigma of History
_9666720
650 _a KEL
650 _aQuasi Alliances
_9666721
942 _hV42:194950j73, N9
_cTEXL
_2CC
999 _c1102570
_d1102570